000 01724nam a2200157 4500
999 _c509854
_d509854
008 190621b ||||| |||| 00| 0 eng d
100 _aMathur, B.P.
_96556
245 _aRethinking development: India's cultural ethos as foundation
260 _c2019
300 _ap.29-44.
520 _aAccording to the development model India has adopted, development is viewed in narrow terms of economic development and, more particularly, GDP growth. This is largely due to our blind imitation of Western philosophy, which is based on materialistic values, and has given birth to current ruling economic ideology of free markets and competition, where earning money and accumulating wealth is considered primary goal of life. In its practical operation, this model creates serious socio-economic problems, such as ecological devastation, economic inequality, culture of consumerism, unemployment and social Darwinism. In India today, most components of social and economic well-being of people, such as education, health, employment and a healthy agricultural and industrial base, are in dismal state, indicating that our existing policy has failed. This calls for a fundamental rethink of our development policy. There is a need to embrace a more human-centric model of development, based on our cultural and civilisational ethos, which is ethico-spiritual and is deeply concerned with the problem of human welfare, social good and well-being of people. There is a need to redefine our development goals as creation of a happy, healthy and prosperous society. - Reproduced.
650 _aCulture - India
_96557
773 _aIndian Journal of Public Administration
906 _aEconomic development - India
942 _2ddc
_cAR